| 000 | 00365 a2200157 4500 | ||
|---|---|---|---|
| 001 | 62043 | ||
| 020 | _a9788508106745 | ||
| 040 | _cAnchieta - Pituba | ||
| 100 | _aMoisés, Carlos Felipe | ||
| 240 | 1 | 0 |
_aConversa com Fernando Pessoa _lpor |
| 245 | 1 | 0 | _aConversa com Fernando Pessoa |
| 300 | _a183 | ||
| 362 | 0 | _a2007 | |
| 650 | 4 | _aPoesia portuguesa | |
| 942 | _cBK | ||
| 999 |
_c62043 _d62043 |
||